Guide de l'étudiant en histoire médiévale
Guardat en:
| Autor principal: | |
|---|---|
| Format: | Llibre |
| Idioma: | francès |
| Publicat: |
París
Presses Universitaires de France
1968
|
| Matèries: | |
| Etiquetes: |
Afegir etiqueta
Sense etiquetes, Sigues el primer a etiquetar aquest registre!
|
MARC
| LEADER | 00000nam a2200000 a 4500 | ||
|---|---|---|---|
| 001 | UCP9901 | ||
| 003 | CL-VaPUC | ||
| 008 | 000407e19680000FR |||||||||||||||||fre|d | ||
| 082 | 0 | 4 | |a 940.1 |b PAC |2 21 |
| 100 | |a Pacaut, Marcel |e auteur |9 440837 | ||
| 245 | 1 | 0 | |a Guide de l'étudiant en histoire médiévale |
| 300 | |a 169 p | ||
| 942 | |c BK | ||
| 945 | |d 20000407 00:00:00 |a rherrera | ||
| 260 | |a París |b Presses Universitaires de France |c 1968 | ||
| 650 | 0 | |a Historia de Europa |9 392003 | |
| 650 | 0 | |a Edad media |9 258041 | |
| 651 | 0 | |a Europa |9 255156 | |
| 583 | |a last modification |c 20000407 00:00:00 |k Rodrigo Vera | ||
| 999 | |c 286681 |d 286679 | ||
| 952 | |0 0 |1 0 |4 0 |6 940_100000000000000_PAC_1968 |7 0 |8 A |9 332742 |a BIBHIS |b BIBHIS |d 2019-11-20 |i 1262602 |o 940.1 PAC 1968 |p 1262602 |r 2025-01-20 |w 2019-11-20 |y BK |k HIS | ||